| 000 | 00524nam a22001457a 4500 | ||
|---|---|---|---|
| 999 |
_c128222 _d128222 |
||
| 005 | 20220905120150.0 | ||
| 008 | 220905b ||||| |||| 00| 0 eng d | ||
| 040 | _cPK-LaUMT | ||
| 082 |
_aAPC 297.4092 _bABD-M |
||
| 100 | _aAbdul Baqi bin Jan Muhammad = عبدالباقی بن جان محمد | ||
| 245 |
_aMaqamaat i Daudi = مقامات دائودی / _cby Abdul Baqi bin Jan Muhammad = عبدالباقی بن جان محمد |
||
| 260 |
_aRenalakhurd : _bSyed Muhammad Mohsin, _cNA |
||
| 300 | _a324 p. | ||
| 942 | _cBK | ||